Statistics for Spanish Vocabulary Words That Start With M

Click here to take the quiz!

General Stats

  • This quiz has been taken 4,785 times
  • The average score is 49 of 75

Answer Stats

Englishespañol% Correct
mothermadre
99%
moremás
94%
handmano
93%
Tuesdaymartes
93%
applemanzana
93%
morningmañana
92%
tablemesa
91%
musicmúsica
91%
cornmaíz
91%
momentmomento
90%
mapmapa
89%
womanmujer
88%
minuteminuto
88%
marchmarzo
87%
museummuseo
86%
mangomango
85%
bettermejor
85%
lessmenos
85%
worldmundo
84%
to lookmirar
84%
maymayo
83%
modernmoderno
83%
mountainmontaña
82%
marketmercado
80%
buttermantequilla
78%
to diemorir
78%
samemismo
77%
monkeymono
74%
midnightmedianoche
74%
medicinemedicina
74%
mechanicmecánico
73%
memorymemoria
73%
honeymiel
71%
to liementir
69%
messagemensaje
69%
brownmarrón
69%
suitcasemaleta
66%
noonmediodía
65%
butterflymariposa
65%
whilemientras
64%
fearmiedo
63%
to killmatar
63%
to showmostrar
62%
fashionmoda
62%
woodmadera
60%
minimummínimo
58%
mentalitymentalidad
57%
to bothermolestar
57%
maturemaduro
55%
machinemáquina
54%
to modifymodificar
53%
dollmuñeca
52%
furnituremueble
52%
petmascota
51%
methodmétodo
51%
mindmente
50%
mobilemóvil
49%
musclemúsculo
48%
coinsmoneda
48%
backpackmochila
47%
sleevemanga
46%
sailormarinero
46%
makeupmaquillaje
44%
seafoodmariscos
44%
to bitemorder
43%
wetmojado
43%
mixturemezcla
43%
halfmitad
41%
miraclemilagro
35%
mustardmostaza
34%
to deservemerecer
34%
to measuremedir
33%
cheekmejilla
29%
fine/ penaltymulta
27%
jawmandíbula
26%

Score Distribution

Percentile by Number Answered

Percent of People with Each Score

Your Score History

You have not taken this quiz